00333nam a2200121Ia 4500008004100000041000800041082001500049100001400064245004500078260004500123300003200168365001100200240624s9999 xx 000 0 und d aeng a340.04 RAM aRAMAPPA T aCOMPETITION LAW IN INDIA POLICY ISSUES A c2009aNew DelhibOxford University press axxii, : 398 : p. : cm. ; 21 cRSb30